| 000 | 003020000a22001090004500 | ||
|---|---|---|---|
| 090 |
_aAS _bSeriadas |
||
| 245 | 1 | 0 | _aDos Rosaceas nuevas de Colombia |
| 041 | 0 | _aEspañol | |
| 100 | 1 |
_aGarcía Barriga, Hernando _912170 |
|
| 942 | _cARTICULO | ||
| 773 | 1 |
_tMutisia: Acta Botánica Colombiana _3893 _h56 _q1-6 _d1983 |
|
| 999 |
_c15274 _d15274 |
||